000 00346nam a22001457a 4500
020 _qPB.
040 _cFIZZA ISHAQ
082 _a622
_bVIC
100 _aRUDENNO VICTOR.
_990417
245 _aMINING VALUATION HAND BOOK /
_cVICTOR RUDENNO.
250 _a4th ED.
260 _aNEW YORK ;
_bWILEY,
_c2012.
300 _a609 P. ;
942 _2ddc
_cBK
999 _c588646
_d588646